LEADER 01029nam a2200241 i 4500 001 000000172717 003 CaOOAMICUS 005 20080624000000.0 008 080624s1959 it u000 u ita u 013 $a150160 040 $aSeMil$bita 100 1 $aBertuccioli, Giuliano.$0(OLS)http://semarc/name/15504 245 10$aStoria della letteratura cinese /$cGiuliano Bertuccioli. 260 $aMilano :$bNuova accademia editrice,$cstampa 1959. 300 $a302 p., [2] p. di tav. ;$c22 cm. 490 0 $aStoria delle letterature di tutto il mondo 500 $aContiene : Nota bibliografica. 650 4$aLetteratura cinese.$0(OLS)http://semarc/subject/13482 830 0$aStoria delle letterature di tutto il mondo.$0(OLS)http://semarc/title/20310 850 $aSeMil 852 $aSeMil$W1$xVenegono$y1$m1R IV 51$j257828$B123571$CSeMilBibl$Z2$F134679 $81 996 $6245$aStoria della letteratura cinese$9(OLS)http://semarc/title/247398 996 $6260$aMilano :$bNuova accademia editrice$9(OLS)http://semarc/publisher/31675 LEADER 01550nam a2200241 i 4500 001 000000239106 003 CaOOAMICUS 005 20150219000000.0 008 150219s1711 it u000 u fre u 013 $a218011 026 $aa-On 5150 er3, ap&u (3) 1711 (R) 040 $aSeMil$bita 245 10$aBibliotheque des auteurs ecclesiastiques. Supplément contenant les principaux points de l'histoire de l'eglise des 4. 5. 6. 7. & 8. siecles, avec una table chronologique. 260 $aA Paris :$bChez André Pralard, ruë saint Jacques, à l'Occasion,$c1711. 300 $a[18], 459, [29] p. ;$c8°. 500 $aCors. ; rom. - Segn. : pg1 a8 A-2G8 2H4 (2H4v bianca). - Testatine, iniz. e finalini xilogr. 500 $aMarca editoriale: La Virtù. Una donna coi capelli al vento poggia il piede su un globo alato e regge con entrambe le mani un fiocco. Sullo sfondo un paesaggio marino. Motto: Inimicos virtute superabis (Repertorio consultato: Marques d'impressors, Univ. di Barcellona). 700 1 $aPralard, André,$c.$0(OLS)http://semarc/name/13643 850 $aSeMil 852 $aSeMil$W1$xVenegono$y1$m3D II 71 FA$j189452$B189452$CSeMilBibl$Z2$F200261 $8I 961 $aRecupero: Altro 996 $6245$aBibliotheque des auteurs ecclesiastiques. Supplément contenant les principaux points de l'histoire de l'eglise des 4. 5. 6. 7. & 8. siecles, avec una table chronologique$9(OLS)http://semarc/title/340497 996 $6260$aA Paris :$bChez André Pralard, ruë saint Jacques, à l'Occasion$9(OLS)http://semarc/publisher/38261